000 00671nam a2200181Ia 4500
008 090630s9999 xx 000 0 und d
082 _b18130
100 _aदेशिंगकर वि. श्री.
245 _aनवग्रहांची फळे.
_cदेशिंगकर वि. श्री.
260 _bमनोरमा - मुंबई.
_c2000
300 _a726
600 _aदेशिंगकर वि. श्री.
630 _aनवग्रहांची फळे.
655 _aइतर.
700 _aदेशिंगकर वि. श्री.
730 _aनवग्रहांची फळे.
942 _cBOOK
999 _c269986
_d269986